[Event "ch-Commonwealth"]
[Site "Nagpur IND"]
[Date "2008.10.06"]
[Round "11"]
[White "Majumdar,C"]
[Black "Soman,S"]
[Result "1-0"]
[WhiteElo "2050"]
[BlackElo "2251"]

1.e4 g6 2.d4 Bg7 3.Nc3 c6 4.Nf3 d5 5.h3 Nh6 6.Bf4 f6 7.exd5 cxd5 8.Nb5 Na6
9.c4 Nf7 10.cxd5 Qxd5 11.Nc3 Qe6+ 12.Be3 O-O 13.Nd2 Qd6 14.Bc4 e6 15.O-O Nc7
16.Nde4 Qd8 17.d5 exd5 18.Nxd5 Ne6 19.Qb3 f5 20.Nc5 Kh8 21.Rad1 Qa5 22.Nxe6 Bxe6
23.Bd2 Qd8 24.Bb4 Ne5 25.Ne3 Nxc4 26.Rxd8 Rfxd8 27.Nxc4 b5 28.Bc3 Bxc4 29.Bxg7+ Kxg7
30.Qc3+ Kg8 31.Re1 Rd7 32.b3 Bd3 33.Qc6 Rad8 34.Re8+ Rxe8 35.Qxd7 Re1+ 36.Kh2 Bf1
37.Qxa7 Re8 38.Qd7 Re1 39.Qd2 Re7 40.Kg1 Be2 41.f3 b4 42.Qxb4 Kf7 43.a4 g5
44.a5 h5 45.Qc5 Kf6 46.Qd4+ Kf7 47.Qd5+ Kf6 48.b4 g4 49.hxg4 hxg4 50.Qd4+ Kf7
51.Qf4 Kf6 52.fxg4 Bxg4 53.Qd6+  1-0

[Event "ch-Commonwealth"]
[Site "Nagpur IND"]
[Date "2008.10.06"]
[Round "11"]
[White "Hasan,Me"]
[Black "Niji,A1"]
[Result "1-0"]
[WhiteElo "2264"]
[BlackElo "2015"]

1.e4 g6 2.d4 Bg7 3.Nc3 c6 4.Nf3 d6 5.h3 b5 6.Bd3 Nd7 7.Be3 a6 8.a4 b4 9.Ne2 Rb8
10.O-O Qc7 11.Qd2 Ngf6 12.Ng3 O-O 13.Bh6 e5 14.Qg5 Bxh6 15.Qxh6 Qd8 16.Ng5 Qe7
17.f4 c5 18.fxe5 dxe5 19.Rf3 Rd8 20.Nh5 gxh5 21.Rg3 Kh8 22.Nxh7  1-0

[Event "1st WMSG Blitz Pair"]
[Site "Beijing CHN"]
[Date "2008.10.08"]
[Round "2"]
[White "Hoang Thanh Trang"]
[Black "Fierro Baquero,M"]
[Result "0-1"]
[WhiteElo "2483"]
[BlackElo "2361"]

1.d4 g6 2.e4 Bg7 3.Nc3 c6 4.Nf3 d6 5.h3 Nd7 6.Bc4 d5 7.exd5 Nb6 8.Bd3 Nxd5
9.Nxd5 cxd5 10.O-O Nf6 11.Re1 O-O 12.c3 a6 13.a4 Bd7 14.Qb3 Bc6 15.Bf4 Rc8
16.Qa3 Re8 17.Ne5 Nd7 18.Nxc6 Rxc6 19.Qb3 Rb6 20.Qxd5 Rxb2 21.Rab1 Rxb1 22.Rxb1 e5
23.Rxb7 exf4 24.Rxd7 Qf6 25.Bc4 Rf8 26.Qb7 a5 27.Bd5 h5 28.c4 f3 29.Bxf3 Qf4
30.Qe4 Qc1+ 31.Kh2 Qxc4 32.Qc6 Qa2 33.Bd5 Qxf2 34.Qxg6 Qf4+ 35.Qg3 Qf5 36.Bc6 Kh8
37.Rd5 Qg6 38.Qh4 Qxc6 39.Rxh5+ Kg8 40.d5 Qd6+ 41.Qg3 Qxg3+ 42.Kxg3  0-1

[Event "1st WMSG Rapid Team w"]
[Site "Beijing CHN"]
[Date "2008.10.14"]
[Round "2"]
[White "Popova,N"]
[Black "Berezina,I"]
[Result "1/2-1/2"]
[WhiteElo "2264"]
[BlackElo "2252"]

1.e4 g6 2.d4 c6 3.Nc3 Bg7 4.Nf3 d5 5.h3 dxe4 6.Nxe4 Nd7 7.Bf4 Ngf6 8.Nxf6+ Nxf6
9.Qd2 O-O 10.Bd3 b6 11.O-O Bb7 12.Bh6 Rc8  1/2-1/2

[Event "1st WMSG Rapid Team w"]
[Site "Beijing CHN"]
[Date "2008.10.15"]
[Round "5"]
[White "Guerrero Rodriguez,Alej"]
[Black "Berezina,I"]
[Result "0-1"]
[WhiteElo "2143"]
[BlackElo "2252"]

1.e4 g6 2.d4 c6 3.Nc3 Bg7 4.Be3 d5 5.f3 Nf6 6.e5 Ng8 7.Qd2 f6 8.exf6 exf6
9.O-O-O Ne7 10.g4 Be6 11.Bh6 Bxh6 12.Qxh6 Kf7 13.Nh3 a5 14.Bd3 Na6 15.Rhe1 Bd7
16.Nf4 Qf8 17.Qh4 Nb4 18.a3 Nxd3+ 19.Nxd3 h6 20.Nc5 Bc8 21.N3a4 Qd8 22.f4 h5
23.f5 hxg4 24.fxg6+ Nxg6 25.Qf2 Rh3 26.Nd3 Rf3 27.Qe2 Bf5 28.Nac5 b6 29.Nb3 Qd6
30.Rf1 Re8 31.Qg2 Bxd3 32.Rxf3 gxf3 33.Qxf3 Be2 34.Qh3 Rh8  0-1

[Event "1st WMSG Rapid Team"]
[Site "Beijing CHN"]
[Date "2008.10.15"]
[Round "6"]
[White "Mogranzini,R"]
[Black "Byambaa,Z"]
[Result "0-1"]
[WhiteElo "2415"]
[BlackElo "2272"]

1.e4 c6 2.d4 g6 3.Nc3 Bg7 4.Bc4 b5 5.Bb3 a5 6.a4 b4 7.Nce2 Nf6 8.e5 Nd5 9.Nf4 Nxf4
10.Bxf4 O-O 11.Ne2 d5 12.Qd2 Nd7 13.Bh6 f6 14.h4 Nb6 15.h5 g5 16.Bxg7 Kxg7
17.h6+ Kh8 18.f4 g4 19.Ng3 f5 20.e6 Bxe6 21.O-O-O Qd6 22.Rde1 Bd7 23.Qe3 e6
24.Kb1 Rae8 25.Ne2 Bc8 26.Ng3 Bd7 27.Rc1 Rb8 28.Nh5 Be8 29.Ng7 Rf6 30.Rce1 Bf7
31.Qg3 Rg6 32.Qh4 Nd7 33.Nxf5 exf5 34.Re7 Bg8 35.Rhe1 Nf6 36.R1e5 Ne4 37.Ra7 Rxh6
38.Qe1 Qf6 39.Rxa5 Rh2 40.Qe2 Qh4 41.Rxf5 Rh1+ 42.Ka2 Re1 43.Qa6 Qh1 44.Bxd5 b3+  0-1

[Event "1st WMSG Rapid Team"]
[Site "Beijing CHN"]
[Date "2008.10.16"]
[Round "8"]
[White "Neubauer,M"]
[Black "Liiva,R"]
[Result "0-1"]
[WhiteElo "2422"]
[BlackElo "2460"]

1.e4 g6 2.d4 Bg7 3.Nc3 c6 4.Nf3 d5 5.h3 Nh6 6.Bd3 f6 7.O-O O-O 8.Ne2 Na6
9.exd5 cxd5 10.c4 Nb4 11.Nf4 Nxd3 12.Qxd3 Bf5 13.Qb3 dxc4 14.Qxc4+ Kh8 15.Re1 Qd7
16.d5 g5 17.Ne6 Rfc8 18.Qd4 Bxe6 19.Rxe6 Rd8 20.Qe4 Qxd5 21.Qxd5 Rxd5 22.Rxe7 Rd1+
23.Re1 Rxe1+ 24.Nxe1 Nf5 25.Bd2 Nd4 26.Kf1 h6 27.Rc1 Nc6 28.g4 f5 29.Bc3 fxg4
30.hxg4 Rd8 31.Nf3 Rd5 32.Ke2 Kg8 33.Bxg7 Kxg7 34.Rc4 Rb5 35.b3 Kf6 36.Nd2 Ra5
37.a4 Re5+ 38.Ne4+ Kg6 39.f3 h5 40.gxh5+ Kxh5 41.Kd3 Rd5+ 42.Ke3 Kg6 43.Nc5 Ne5
44.Rc3 b6 45.Ne4 Kf5 46.Ng3+ Ke6 47.Ke4 Nf7 48.Rc6+ Nd6+ 49.Ke3 Rc5 50.Rxc5 bxc5
51.Ne2 Ke5 52.Nc3 Nf5+ 53.Kd3 Kf4 54.Ne4 Nd4 55.Nxc5 Nxf3 56.b4 g4 57.Kc3 g3
58.Nd3+ Ke3 59.Nb2 g2 60.Nc4+ Ke4  0-1

[Event "1st WMSG Rapid Team w"]
[Site "Beijing CHN"]
[Date "2008.10.16"]
[Round "8"]
[White "Pourkashiyan,A"]
[Black "Berezina,I"]
[Result "1-0"]
[WhiteElo "2241"]
[BlackElo "2252"]

1.e4 g6 2.d4 c6 3.Nc3 Bg7 4.Nf3 d6 5.a4 a5 6.Bc4 e6 7.O-O Na6 8.Bf4 Ne7 9.Qd2 O-O
10.Bh6 Nb4 11.Bb3 f6 12.Ne2 d5 13.Bxg7 Kxg7 14.e5 f5 15.c3 Na6 16.Rae1 Nc7
17.h4 h6 18.g3 b6 19.Bc2 Ba6 20.Bd3 Bxd3 21.Qxd3 c5 22.Kg2 Qd7 23.Qd1 c4
24.Rh1 Kh7 25.Nf4 Kg7 26.Nh3 b5 27.axb5 Qxb5 28.Qd2 Rfb8 29.Re2 Rh8 30.h5 a4
31.hxg6 Nxg6 32.Nf4 Nxf4+ 33.Qxf4 Qe8 34.Qh4 Qd8 35.Qf4 Qe8 36.Ng1 Qg6 37.Nh3 Kf7
38.Qd2 Ke7 39.Nf4 Qg5 40.Ree1 Nb5 41.Ra1 Rhg8 42.Rh5 Qg7 43.Rah1 Rh8 44.Rxh6 Rxh6
45.Rxh6 Ra6 46.Nxd5+ Kd7 47.Rh7 Qxh7 48.Nf6+ Kc6 49.Nxh7 a3 50.bxa3 Rxa3
51.Qh6 Nc7 52.Ng5 Rxc3 53.Nxe6 Kd5  1-0

[Event "1st WMSG Rapid Team"]
[Site "Beijing CHN"]
[Date "2008.10.16"]
[Round "9"]
[White "Nguyen Anh Dung"]
[Black "Kakageldyev,A"]
[Result "0-1"]
[WhiteElo "2496"]
[BlackElo "2449"]

1.e4 g6 2.d4 Bg7 3.Nc3 c6 4.Bc4 d5 5.exd5 b5 6.Bb3 b4 7.Nce2 cxd5 8.Nf3 Nf6
9.a3 bxa3 10.Rxa3 O-O 11.O-O Nbd7 12.Bd2 Nb6 13.Ne5 Bb7 14.Qa1 Ne4 15.Bb4 Qc7
16.Nc3 Nxc3 17.Bxc3 Nc4 18.Bxc4 dxc4 19.Rxa7 Bxe5 20.dxe5 Qc6 21.f3 Qb6+
22.Kh1 Rxa7 23.Qe1 Rfa8 24.h3 Ra1 25.Qxa1 Rxa1 26.Rxa1 f6 27.exf6 exf6 28.Rd1 Bc8
29.Rd4 Qc6 30.Kg1 Kf7 31.Kf2 g5 32.h4 Bf5 33.hxg5 fxg5 34.Rd2 Qc5+ 35.Bd4 Qc7
36.Re2 Qf4 37.Be3 Qh4+ 38.Kg1 g4 39.fxg4 Qxg4 40.Rd2 Bxc2 41.Bd4 Be4 42.Bc3 Ke6
43.Rf2 h5 44.Kh2 h4 45.Be1 Qg3+ 46.Kg1 Qe3 47.Bd2 Qc5 48.Bc3 Qg5 49.Re2 Kd5
50.Rd2+ Kc6 51.Kf1 Qf4+ 52.Rf2 Qc1+ 53.Ke2 Bd3+ 54.Kf3 Qg5 55.g4 hxg3 56.Rg2 Be4+
57.Kxe4 Qd5+  0-1

[Event "South Bohemia Open"]
[Site "Cesky Krumlov CZE"]
[Date "2008.10.16"]
[Round "7"]
[White "Kopecky,J"]
[Black "Jacobsen,H"]
[Result "1/2-1/2"]
[WhiteElo "2042"]
[BlackElo "1856"]

1.e4 g6 2.d4 Bg7 3.Nc3 c6 4.Nf3 d5 5.exd5 cxd5 6.Bf4 Nf6 7.Qd2 Nc6 8.Ne5 Ng4
9.Bb5 Nxe5 10.Bxe5 Bxe5 11.dxe5 e6 12.f4 Bd7 13.Be2 a6 14.O-O Qc7 15.Nd1 Rc8
16.c3 h5 17.h4 Ne7 18.Ne3 Qb6 19.Kh2 Bb5 20.Bxb5+ Qxb5  1/2-1/2

[Event "24th ECC"]
[Site "Kallithea GRE"]
[Date "2008.10.17"]
[Round "1"]
[White "Atlas,V"]
[Black "Jansen,C"]
[Result "1/2-1/2"]
[WhiteElo "2465"]
[BlackElo "2263"]

1.e4 g6 2.d4 Bg7 3.Nc3 c6 4.Be3 d5 5.e5 f6 6.f4 Nh6 7.Nf3 Nd7 8.Qd2 Nb6 9.h3 Nc4
10.Bxc4 dxc4 11.g4 fxe5 12.Nxe5 Nf7 13.Nxc4 Be6 14.Ne5 Nxe5 15.fxe5 O-O 16.O-O-O Qa5
17.a3 Rad8 18.Bh6 Rf3 19.Bxg7 Kxg7 20.Rdf1 Rdf8 21.Rxf3 Rxf3 22.h4 h6 23.Rg1 Qd8
24.b3 Qf8 25.Kb2 Rf2 26.Qe3 Rf3 27.Qd2 Rf2 28.Qe3 Rf3 29.Qd2 Rf2  1/2-1/2

[Event "South Bohemia Open"]
[Site "Cesky Krumlov CZE"]
[Date "2008.10.18"]
[Round "9"]
[White "Korostenski,F"]
[Black "Schalla,D"]
[Result "1-0"]
[WhiteElo "2205"]
[BlackElo "2117"]

1.e4 g6 2.d4 Bg7 3.Nc3 c6 4.Nf3 d5 5.h3 dxe4 6.Nxe4 Bf5 7.Ng3 Nf6 8.Bc4 O-O
9.Nxf5 Qa5+ 10.c3 Qxf5 11.O-O Nbd7 12.Re1 e6 13.Ne5 Qh5 14.Be2 Qh4 15.g3 Qxh3
16.Nxd7  1-0

[Event "24th ECC"]
[Site "Kallithea GRE"]
[Date "2008.10.18"]
[Round "2"]
[White "Bjornsson,Si"]
[Black "Jansen,C"]
[Result "1-0"]
[WhiteElo "2323"]
[BlackElo "2263"]

1.e4 g6 2.d4 Bg7 3.Nc3 c6 4.h4 d6 5.Be3 Nd7 6.h5 e5 7.h6 Bf6 8.Nf3 Be7 9.dxe5 dxe5
10.Bc4 Ngf6 11.Ng5 O-O 12.f3 Nh5 13.Qd2 Nf4 14.Nxf7 Rxf7 15.O-O-O Kf8 16.Bxf7 Kxf7
17.Bxf4 exf4 18.e5 Qc7 19.Qxf4+ Ke8 20.Qc4 Nc5 21.Rd6 Bxd6 22.exd6 Qxd6 23.Qg8+ Qf8
24.Qxh7 Bf5 25.g4 Qf7 26.Qh8+ Qf8 27.Qe5+ Qe7 28.h7 Kf7 29.h8=Q Rxh8 30.Qxh8 Qe3+
31.Kb1 Bxc2+ 32.Kxc2 Qd3+ 33.Kc1 Qe3+ 34.Kb1 Qd3+ 35.Ka1  1-0

[Event "24th ECC"]
[Site "Kallithea GRE"]
[Date "2008.10.22"]
[Round "6"]
[White "Ruck,T"]
[Black "Minasian,Art"]
[Result "0-1"]
[WhiteElo "2328"]
[BlackElo "2541"]

1.e4 g6 2.d4 Bg7 3.Nc3 c6 4.h3 d6 5.a4 Nf6 6.Nge2 a5 7.g3 Na6 8.Bg2 O-O 9.O-O e5
10.Be3 Qc7 11.Qd2 Re8 12.f4 Nb4 13.Rf2 exd4 14.Nxd4 d5 15.e5 Nd7 16.Ncb5 cxb5
17.Nxb5 Qd8 18.Nd6 Re6 19.c3 Rxd6 20.exd6 Nc6 21.Qxd5 Nf6 22.Qc5 Bf5 23.Rd1 Qd7
24.g4 Ne4 25.Bxe4 Bxe4 26.f5 gxf5 27.gxf5 Re8 28.Bf4 Bxf5 29.Kh2 Re4 30.Rg1 Bg6
31.Bg3 Be5 32.Qd5 Rh4 33.Qg2 Qxd6 34.Re1 Bxg3+ 35.Qxg3 Qxg3+ 36.Kxg3 Rxa4
37.Rd2 Ra2  0-1

[Event "LiraH Autumn"]
[Site "Lichtenrade GER"]
[Date "2008.10.24"]
[Round "7"]
[White "Schildt,R"]
[Black "Llopis de Aysa,M"]
[Result "0-1"]
[WhiteElo "2007"]
[BlackElo "2173"]

1.e4 g6 2.d4 Bg7 3.Nc3 c6 4.Bc4 d6 5.a4 Nf6 6.Qe2 d5 7.exd5 cxd5 8.Bb5+ Nc6
9.Nf3 Bg4 10.h3 Bxf3 11.Qxf3 Rc8 12.Qd1 O-O 13.O-O Ne8 14.Bxc6 Rxc6 15.Bf4 e6
16.a5 Nd6 17.Bxd6 Qxd6 18.Ne2 Qb4 19.b3 Rfc8 20.Ra4 Qb5 21.c3 Ra6 22.c4 dxc4
23.bxc4 Rxc4 24.Rxc4 Qxc4 25.Qd2 Qd5 26.Rc1 Rc6 27.Rb1 Rc7 28.Qf4 Qd7 29.h4 h6
30.g4 Kh7 31.g5 h5 32.Qe4 Qd5 33.Qf4 e5 34.Qg3 Qxa5 35.Qf3 exd4 36.Nf4 Qf5
37.Ra1 Be5 38.Rxa7 Qxf4 39.Qa3 Rc1+ 40.Kg2 Qg4+  0-1

[Event "Grand Prix CCAS"]
[Site "Cap D'Agde FRA"]
[Date "2008.10.26"]
[Round "2"]
[White "Favarel,J"]
[Black "Touze,JP"]
[Result "0-1"]
[WhiteElo "2306"]
[BlackElo "2018"]

1.d4 g6 2.e4 Bg7 3.Nc3 c6 4.f4 d5 5.e5 h5 6.Nf3 Bg4 7.Be2 e6 8.O-O Nh6 9.Be3 Nf5
10.Bf2 Bh6 11.Qd2 Nd7 12.Na4 b5 13.Nc5 Nxc5 14.dxc5 Bxf3 15.Bxf3 Qb8 16.Rfe1 O-O
17.g3 a5 18.a3 Re8 19.b4 axb4 20.axb4 Rxa1 21.Rxa1 Qxe5 22.Ra6 Rc8 23.Kg2 Qf6
24.Qd3 Qb2 25.Be1 Bg7 26.Bd2 Nd4 27.Bd1 Nf5 28.Bf3 Qb1 29.Ra3 Nd4  0-1

[Event "TCh-HUN 2008-9"]
[Site "Kazincbarcika HUN"]
[Date "2008.10.26"]
[Round "1"]
[White "Leviczky,T"]
[Black "Karolyfalvi,Z"]
[Result "1-0"]
[WhiteElo "2303"]
[BlackElo "2152"]

1.e4 c6 2.d4 g6 3.Nc3 Bg7 4.Nf3 d6 5.Be2 Nf6 6.O-O O-O 7.a4 Qc7 8.Re1 e5
9.a5 Re8 10.dxe5 dxe5 11.Be3 Rd8 12.Qb1 Qe7 13.h3 c5 14.Bg5 Nc6 15.Nd5 Qd6
16.c3 Ne7 17.Nxf6+ Bxf6 18.Rd1  1-0

[Event "8th Rohde Open"]
[Site "Sautron FRA"]
[Date "2008.10.26"]
[Round "2"]
[White "Vocaturo,D"]
[Black "Abbasov,F"]
[Result "1-0"]
[WhiteElo "2383"]
[BlackElo "2578"]

1.e4 g6 2.d4 Bg7 3.Nc3 c6 4.f4 d5 5.e5 h5 6.Nf3 Nh6 7.Be3 Bg4 8.h3 Nf5 9.Bf2 Bxf3
10.Qxf3 h4 11.Bd3 e6 12.O-O Bf8 13.b3 a5 14.Ne2 Na6 15.c3 Be7 16.Rac1 Kf8
17.Kh2 Nc7 18.a4 Kg7 19.Rg1 Qd7 20.c4 Rad8 21.Be1 dxc4 22.Bxf5 exf5 23.bxc4 Bb4
24.Bxb4 axb4 25.Qb3 c5 26.d5 Ra8 27.Ra1 Ra6 28.Nc1 Rha8 29.Qb2 Qd8 30.Nb3 b6
31.a5 Ne8 32.Rgd1 Kg8 33.axb6 Qxb6 34.Rxa6 Rxa6 35.d6 Ng7 36.d7 Ra8 37.Rd6 Qc7
38.Nxc5 Qxc5 39.d8=Q+ Rxd8 40.Rxd8+ Kh7 41.Qd4 Ne6 42.Qxc5 Nxc5 43.Rc8 Nd3
44.c5 b3 45.c6 Nb4 46.c7 b2 47.Rb8  1-0

[Event "WYCC Girls U16"]
[Site "Vung Tau City VIE"]
[Date "2008.10.26"]
[Round "7"]
[White "Havlikova,K"]
[Black "Niji,A1"]
[Result "1/2-1/2"]
[WhiteElo "2179"]
[BlackElo "2057"]

1.e4 g6 2.d4 Bg7 3.Nc3 c6 4.f4 d5 5.e5 h5 6.Be3 Nh6 7.Nf3 Qc7 8.h3 Bf5 9.Qd2 Nd7
10.Bf2 a6 11.Rg1 b5 12.Nh4 e6 13.a4 b4 14.Na2 a5 15.Nc1 Rb8 16.Nb3 Bf8 17.Nxf5 Nxf5
18.g4 Ne7 19.Bd3 Ra8 20.Qe3 Nb6 21.Qf3 hxg4 22.hxg4 Qc8 23.Nc5 Nd7 24.Nxd7 Qxd7
25.b3 Kd8 26.Ke2 Kc7 27.Rh1 Bg7 28.Qg2 Rae8 29.Rab1 Rb8 30.Rxh8 Rxh8 31.c3 bxc3
32.Be1 Kb6 33.Bxc3 Bh6 34.Qf2 Rb8 35.Qe1 Bxf4 36.Bxa5+ Ka7 37.Qc3 Ka8 38.b4 Rh8
39.Rf1 Rh2+ 40.Rf2 Rxf2+ 41.Kxf2 Qa7 42.Kf3 Bg5 43.b5 cxb5 44.axb5 Qb7 45.Qa3 Kb8
46.Qd6+ Ka8 47.Bd8 Qa7 48.Bxe7 Qxe7 49.Qa6+ Qa7 50.Qc8+ Qb8 51.Qc6+ Qb7 52.Qe8+ Ka7  1/2-1/2

[Event "Grand Prix CCAS"]
[Site "Cap D'Agde FRA"]
[Date "2008.10.27"]
[Round "3"]
[White "Abergel,T"]
[Black "Vesin,JR"]
[Result "0-1"]
[WhiteElo "2509"]
[BlackElo "2247"]

1.d4 g6 2.e4 Bg7 3.Nc3 c6 4.Be3 d5 5.Qd2 dxe4 6.Nxe4 Nd7 7.Nf3 Ngf6 8.Ng3 Qb6
9.O-O-O Ng4 10.Bf4 e5 11.dxe5 O-O 12.Re1 Re8 13.Bc4 Ndxe5 14.Bb3 Rd8 15.Qe2 Nxf3
16.Qxf3 Qd4 17.c3 Qxf2 18.Qe4 Qc5 19.Rhf1 Nf6 20.Qe7 Qxe7 21.Rxe7 Nd5 22.Bxd5 cxd5
23.Bc7 Rf8 24.Be5 b5 25.Bxg7 Kxg7 26.Ne2 a5 27.Nd4 b4 28.Rc7 bxc3 29.bxc3 Kg8
30.Rf6 Ba6 31.Nc6 Kg7 32.Rd6 Rfc8 33.Rxc8 Bxc8 34.Nd4 Ba6 35.Rd7 Bc4 36.a4 Ra6
37.g4 h6 38.h4 Rf6 39.Ra7 Ra6 40.Rb7 Kf6 41.Kd2 Ra8 42.Ke3 Re8+ 43.Kd2 Re4
44.g5+ Kg7 45.gxh6+ Kxh6 46.Rxf7 Rxh4 47.Ra7 Rh2+ 48.Ke3 Rh3+ 49.Kd2 g5 50.Rxa5 g4
51.Ra8 Kg7 52.a5 Rd3+ 53.Kc2 g3 54.Re8 Rxd4  0-1

[Event "WYCC Girls U18"]
[Site "Vung Tau City VIE"]
[Date "2008.10.30"]
[Round "11"]
[White "Preethi,R"]
[Black "Gosciniak,M"]
[Result "1-0"]
[WhiteElo "2156"]
[BlackElo "2161"]

1.e4 g6 2.d4 Bg7 3.Nc3 c6 4.Bc4 d6 5.Qf3 e6 6.Be3 b5 7.Bb3 a5 8.a3 Ba6 9.Rd1 d5
10.Nh3 Ne7 11.Nf4 Ra7 12.h4 Nd7 13.h5 Nb6 14.Nd3 b4 15.h6 Bf8 16.Qf6 Bxd3
17.Qxh8 bxc3 18.bxc3 Bxe4 19.f3 a4 20.fxe4 axb3 21.cxb3 Rxa3 22.Qxh7 dxe4
23.O-O Nf5 24.Rxf5 exf5 25.Qg8 Nd5 26.h7 Nxe3 27.h8=Q Qe7 28.Re1 Nxg2 29.Qh2 Nxe1
30.Qb8+ Kd7 31.Qb7+ Ke8 32.Qb8+ Kd7 33.Qb7+ Kd6 34.Qxf8 Nf3+ 35.Kf2 Ra2+
36.Ke3 Qxf8 37.Qb4+ Ke6 38.Qxf8 Ne1 39.Qe8+ Kd6 40.Qd8+ Ke6 41.Qe8+ Kd6 42.Kf4 Ng2+
43.Kg5 e3 44.Qd8+ Ke6 45.Qc8+ Kd5 46.Qe8 Kd6 47.Kf6 Kc7 48.Qe7+ Kc8 49.Ke5 e2
50.Kd6 Kb8 51.Qc7+ Ka8 52.Qc8+ Ka7 53.Kc7  1-0

[Event "IX Rapid Open"]
[Site "El Sauzal ESP"]
[Date "2008.11.01"]
[Round "3"]
[White "Rodriguez Lorenzo,Y"]
[Black "Zozulia,A"]
[Result "1-0"]
[WhiteElo "2083"]
[BlackElo "2380"]

1.e4 g6 2.d4 Bg7 3.Nc3 c6 4.h3 d6 5.f4 b5 6.Nf3 b4 7.Nb1 Nf6 8.Bd3 O-O 9.O-O Ba6
10.Qe1 Bxd3 11.cxd3 c5 12.e5 Nd5 13.e6 f5 14.dxc5 dxc5 15.Qh4 Qd6 16.Re1 Nc6
17.Ng5 Nf6 18.Nd2 Qxd3 19.Ndf3 Nh5 20.Be3 Nd4  1-0

[Event "SenWM"]
[Site "Bad Zwischenahn GER"]
[Date "2008.11.02"]
[Round "6"]
[White "Jansa,Vl"]
[Black "Westerinen,H"]
[Result "1-0"]
[WhiteElo "2477"]
[BlackElo "2345"]

1.e4 g6 2.d4 Bg7 3.Nc3 c6 4.Nf3 d5 5.h3 dxe4 6.Nxe4 Nf6 7.Nxf6+ exf6 8.Bc4 O-O
9.O-O Nd7 10.Re1 b5 11.Bb3 Nb6 12.Bf4 a5 13.a4 Nd5 14.Bg3 Be6 15.Qd2 Qd7
16.Re2 Nb4 17.Qc3 Bxb3 18.Qxb3 Qd5 19.Qe3 Qf5 20.Qd2 Rfc8 21.b3 Bf8 22.c4 bxc4
23.bxc4 Qd3 24.Qxd3 Nxd3 25.Rd1 Nb4 26.d5 cxd5 27.cxd5 Ra7 28.d6 Rd7 29.Nd4 Kg7
30.Nb5 Rc5 31.Re8 Nd5 32.Ra8 f5 33.Be5+ f6 34.Bd4 Rc6 35.Ra7 Rxa7 36.Bxa7 Bxd6
37.g3 Nc3 38.Rxd6 Rxd6 39.Nxd6 Nxa4 40.Bd4 Kf8 41.Nc4  1-0

[Event "TCh-HUN 2008-9"]
[Site "Nagykanizsa HUN"]
[Date "2008.11.02"]
[Round "2"]
[White "Madl,I"]
[Black "Medvegy,Z"]
[Result "1/2-1/2"]
[WhiteElo "2376"]
[BlackElo "2556"]

1.e4 g6 2.d4 Bg7 3.Nc3 c6 4.h3 d6 5.Be3 Qb6 6.a3 Nf6 7.Nf3 O-O 8.Bd3 Nbd7
9.O-O Qc7 10.Qd2 a6 11.a4 b6 12.Rfe1 e5 13.Bh6 Bb7 14.Bxg7 Kxg7 15.b3 b5
16.dxe5 Nxe5 17.Nxe5 dxe5 18.Qe3 Rad8 19.Qc5 Qd6 20.Qxd6 Rxd6 21.f3 Rfd8
22.Kf2 Nd7 23.Red1 Nc5 24.Be2 Rd4 25.Ke3 Ne6 26.g3 f5 27.exf5 gxf5 28.Bd3 f4+
29.gxf4 Nxf4 30.Ne2 Nxe2 31.Kxe2 Bc8 32.axb5 cxb5 33.Ke3 Rh4 34.Rg1+ Kf6
35.Rg3 Rd6 36.Rag1 Be6 37.Rg7 Rd7 38.Rxd7 Bxd7 39.Ra1 Bc8 40.c4 Rxh3 41.cxb5 axb5
42.Ra7 Bf5 43.Bxf5 Kxf5  1/2-1/2

[Event "21st Belgrade Trophy"]
[Site "Obrenovac SRB"]
[Date "2008.11.02"]
[Round "6"]
[White "Dedic,S"]
[Black "Petrovic,Mari"]
[Result "0-1"]
[WhiteElo "1975"]
[BlackElo "2191"]

1.e4 g6 2.d4 Bg7 3.Nc3 c6 4.Nf3 d6 5.Bf4 Qb6 6.Rb1 Nf6 7.Bc4 O-O 8.h3 Nxe4
9.Nxe4 d5 10.Bxd5 cxd5 11.Nc3 e6 12.O-O Nc6 13.Ne2 Qd8 14.b4 h6 15.Qd2 Kh7
16.b5 Na5 17.Qb4 Nc4 18.Nd2 Nxd2 19.Bxd2 Bd7 20.a4 Rc8 21.c3 Rc4 22.Qb3 Qe7
23.f4 Rfc8 24.a5 Qd6 25.Ra1 a6 26.b6 Bb5 27.Rfe1 Qc6 28.Reb1 Ra4 29.Rxa4 Bxa4
30.Qa2 Bb5 31.Ng3 Bf8 32.Nf1 Bd6 33.g3 Bd3 34.Rb2 h5 35.h4 Bxf1 36.Kxf1 Qc4+
37.Qxc4 Rxc4 38.Ra2 Kg7 39.Kf2 Kf6 40.Kf3 Kf5 41.Be1 Be7 42.Ke3 Kg4 43.Kd3 Bd6
44.Rc2 Kf3  0-1

[Event "21st Belgrade Trophy"]
[Site "Obrenovac SRB"]
[Date "2008.11.02"]
[Round "6"]
[White "Tasev,D"]
[Black "Protsenko,R"]
[Result "0-1"]
[WhiteElo "2073"]
[BlackElo "2265"]

1.e4 g6 2.d4 Bg7 3.Nc3 c6 4.Be3 d5 5.f3 h5 6.Qd2 a6 7.Nge2 b5 8.a3 Nf6 9.h3 e6
10.Nf4 Nbd7 11.e5 Ng8 12.g4 c5 13.Nd3 cxd4 14.Bxd4 Ne7 15.Qf2 Nc6 16.O-O-O Bb7
17.Bg2 Nxd4 18.Qxd4 Qb6 19.Qxb6 Nxb6 20.f4 Nc4 21.Bf3 hxg4 22.hxg4 Rxh1 23.Rxh1 Rc8
24.Ne2 g5 25.Rh7 Kf8 26.f5 exf5 27.Nd4 fxg4 28.Bxg4 Rc7 29.Nf5 Bc8 30.Nxg7 Bxg4
31.Nh5 Ke7 32.Ng3 Be6 33.Rg7 g4 34.Nh5 Rc8 35.Nf6 Nxe5 36.Nxd5+ Bxd5  0-1

[Event "TCh-AUT 2nd Bundesliga Ost 2008-9"]
[Site "Austria AUT"]
[Date "2008.11.22"]
[Round "4"]
[White "Koffler,D"]
[Black "Ranits,F"]
[Result "1/2-1/2"]
[WhiteElo "2250"]
[BlackElo "2217"]

1.e4 g6 2.d4 Bg7 3.Nc3 c6 4.Nf3 d5 5.h3 Nh6 6.Bd3 dxe4 7.Nxe4 Nf5 8.c3 Nd7
9.g4 Nd6 10.Nxd6+ exd6 11.Qe2+ Qe7 12.Qxe7+ Kxe7 13.Bf4 Rd8 14.O-O-O Nf6
15.Rde1+ Kf8 16.Re2 Nd5 17.Bg5 Bf6 18.Bd2 b5 19.Ng5 Kg7 20.f4 Bd7 21.Ne4 Be7
22.b3 Re8 23.c4 bxc4 24.bxc4 Nf6 25.Ng3 d5 26.c5 h6 27.f5 Nh7 28.h4 Bf6 29.Bxh6+ Kxh6
30.g5+ Kg7 31.gxf6+ Nxf6 32.Rg1 Rxe2 33.Nxe2 Rh8 34.fxg6 Rxh4 35.gxf7+  1/2-1/2

[Event "TCh-BEL 2008-9"]
[Site "Belgium BEL"]
[Date "2008.11.23"]
[Round "4"]
[White "Mullon,J"]
[Black "Safranska,A"]
[Result "1-0"]
[WhiteElo "2354"]
[BlackElo "2314"]

1.e4 g6 2.d4 Bg7 3.Nc3 c6 4.f4 d5 5.e5 Nh6 6.Nf3 Bg4 7.Be3 f6 8.h3 Nf5 9.Bf2 Bxf3
10.Qxf3 fxe5 11.dxe5 e6 12.O-O-O Nd7 13.g4 Nh4 14.Qe3 O-O 15.g5 Nf5 16.Qd2 Rf7
17.h4 Bf8 18.h5 Qa5 19.hxg6 hxg6 20.Be1 Rg7 21.Qh2 Qc7 22.Rd3 Kf7 23.Rh3 Bc5
24.Bd3 Rag8 25.Nd1 Bb6 26.Nf2 Bxf2 27.Bxf2 a6 28.Bxf5 gxf5 29.Rh8 Nf8 30.Bc5 Ng6
31.Rh6 Qa5 32.Qf2 Qxa2 33.Ba3 Qc4 34.Qb6 Qxf4+ 35.Kb1 Re8 36.Qxb7+ Ne7 37.Bxe7  1-0

[Event "15th It"]
[Site "Tuzla BIH"]
[Date "2008.11.25"]
[Round "7"]
[White "Mujic,H"]
[Black "Nurkic,S"]
[Result "0-1"]
[WhiteElo "2309"]
[BlackElo "2408"]

1.e4 g6 2.d4 Bg7 3.Nc3 c6 4.Nf3 d5 5.h3 Nh6 6.Bd3 O-O 7.O-O f6 8.Qe2 Nf7
9.Rd1 e6 10.Na4 Re8 11.Nc5 b6 12.Nb3 f5 13.exf5 exf5 14.Qf1 Be6 15.Re1 Nd7
16.Ba6 Qc7 17.g3 Nf6 18.Bf4 Qd7 19.Nc1 Ne4 20.Nd3 g5 21.Nde5 Nxe5 22.Nxe5 Qc7
23.Bc1 Bxe5 24.dxe5 h6 25.Kg2 Re7 26.f3 Nc5 27.Bd3 Rg7 28.Kh2 Rf8 29.b4 Nxd3
30.cxd3 f4 31.gxf4 gxf4 32.Qf2 Rg3 33.Rg1 Rxg1 34.Qxg1+ Kh7 35.d4 Rg8 36.Qf1 Qf7
37.Bd2 Rg3 38.Be1 Rxh3+ 39.Qxh3 Bxh3 40.Kxh3 Qf5+ 41.Kg2 Qg6+ 42.Kf1 Qd3+  0-1

[Event "21st Belgrade Trophy"]
[Site "Obrenovac SRB"]
[Date "2008.11.27"]
[Round "1"]
[White "Velickovic,Sa"]
[Black "Radojkovic,V"]
[Result "1-0"]
[WhiteElo "2410"]
[BlackElo "2036"]

1.e4 g6 2.d4 Bg7 3.Nc3 c6 4.Nf3 d5 5.h3 h5 6.Bf4 dxe4 7.Nxe4 Nf6 8.Nxf6+ Bxf6
9.Bc4 Bf5 10.Qe2 Nd7 11.O-O-O Nb6 12.Bb3 a5 13.a3 Nd5 14.Be5 Kf8 15.c4 Rc8
16.g4 Qb6 17.gxf5 Qxb3 18.cxd5 cxd5+ 19.Kb1 Rc3 20.Ne1 Bxe5 21.dxe5 Kg7 22.Nc2 Rhc8
23.Nd4 Qb6 24.e6 R3c4 25.exf7 Qf6 26.Rhg1  1-0

[Event "21st Belgrade Trophy"]
[Site "Obrenovac SRB"]
[Date "2008.11.28"]
[Round "2"]
[White "Todorovic,GM"]
[Black "Djurasinov,B"]
[Result "1-0"]
[WhiteElo "2478"]
[BlackElo "2198"]

1.e4 c6 2.d4 g6 3.Nc3 Bg7 4.Nf3 d6 5.Bc4 b5 6.Bb3 a6 7.O-O h6 8.Re1 e6 9.Bf4 Ne7
10.a4 b4 11.Ne2 a5 12.Ng3 Na6 13.Qe2 Kf8 14.Rad1 Nc7 15.c4 Ba6 16.Qc2 Rc8
17.c5 d5 18.Bd6 Ne8 19.e5 Kg8 20.Qc1 h5 21.Bc2 Bh6 22.Qb1 Ng7 23.Bd3 Ra8
24.h3 Bxd3 25.Qxd3 Nef5 26.Nf1 h4 27.N3h2 Nh5 28.Ng4 Bg5 29.Qf3 Nhg7 30.Nfe3 Nh5
31.Rf1 Ra7 32.Rfe1 Ra8 33.Nf1 Ra7 34.Ngh2 Nhg7 35.Qg4 Nh6 36.Qe2 Nhf5 37.Nf3 Bf4
38.N1h2 Bxh2+ 39.Nxh2 Nh5 40.Qd2 Ra8 41.b3 Ra7 42.Nf3 Nhg7 43.Kh2 Nh5 44.Rg1 Nhg7
45.g4 hxg3+ 46.fxg3 Rb7 47.Rdf1 Rd7 48.Rf2 Qc8 49.g4 Nh6 50.Ng5 Qa6 51.Kg3 Qb7
52.Rgf1 Qa7 53.Kg2 Qb7 54.Rf6 Qa7 55.Rxg6 Nf5 56.gxf5 fxg6 57.fxe6 Rd8 58.e7  1-0

[Event "Mediterranean Open"]
[Site "Rijeka CRO"]
[Date "2008.11.30"]
[Round "2"]
[White "Predojevic,B"]
[Black "Gvetadze,Sopi"]
[Result "1-0"]
[WhiteElo "2615"]
[BlackElo "2361"]

1.e4 c6 2.d4 g6 3.Nc3 Bg7 4.h3 d5 5.Nf3 dxe4 6.Nxe4 Nd7 7.Bc4 Ngf6 8.Nxf6+ Nxf6
9.O-O O-O 10.Re1 Qc7 11.Bg5 h6 12.Bh4 e6 13.c3 c5 14.Bg3 Qb6 15.Qb3 Qxb3
16.axb3 cxd4 17.Nxd4 Bd7 18.Nb5 Bxb5 19.Bxb5 Rfd8 20.Red1 a6 21.Be2 Ne4 22.Bf4 e5
23.Be3 Nf6 24.Bb6 Rxd1+ 25.Rxd1 Bf8 26.g3 Rc8 27.b4 Be7 28.Bf3 Kg7 29.Kf1 g5
30.Bg2 Kg6 31.Ke2 h5 32.Ke3 Kf5 33.Ba5 Rb8 34.Bb6 Rc8 35.Ke2 Ke6 36.Be3 Rb8
37.Bxg5 b6 38.h4 Kf5 39.Bh3+ Kg6 40.f4 exf4 41.Bxf4 Re8 42.Kf3 a5 43.bxa5 bxa5
44.Re1 a4 45.Re5 Ng8 46.Ra5 a3 47.b4 Bf6 48.Bf5+ Kg7 49.Rxa3 Ne7 50.Be4 Rc8
51.b5 Bxc3 52.b6 f5 53.b7 fxe4+ 54.Kxe4 Rc4+ 55.Kd3 Rb4 56.b8=Q Rxb8 57.Bxb8 Bf6
58.Ke4 Nc6 59.Bf4 Kf7 60.Ra6  1-0